Porovnání ICT sektorů v České republice a v Slovenské republice

Rozvoj ICT sektoru v českej ekonomike v roku 2011. Ľudské zdroje v ICT. Význam ICT odborníkov pre ekonomiku. Štrukturálne zloženie počtu ICT odborníkov v ekonomike. Investície do ICT. Pridaná hodnota produkovaná ICT sektorom.

Saved in:
Bibliographic Details
Main Author: Doucek, Petr
Other Authors: Nedomová, Lea
Format: Book Chapter
Language:Czech
Subjects:
Tags: Add Tag
No Tags, Be the first to tag this record!

MARC

LEADER 00000naa a2200000 4500
001 0147441
005 20231116105632.1
041 0 |a cze 
044 |a CZ 
245 1 0 |a Porovnání ICT sektorů v České republice a v Slovenské republice  |c Petr Doucek, Lea Nedomová 
520 |a Rozvoj ICT sektoru v českej ekonomike v roku 2011. Ľudské zdroje v ICT. Význam ICT odborníkov pre ekonomiku. Štrukturálne zloženie počtu ICT odborníkov v ekonomike. Investície do ICT. Pridaná hodnota produkovaná ICT sektorom. 
610 2 0 |a Česko 
610 2 0 |a technológie komunikačné 
610 2 0 |a výskum 
610 2 0 |a Európa 
610 2 0 |a technológie informačné 
610 2 0 |a informatizácia 
100 1 |a Doucek, Petr 
700 1 |a Nedomová, Lea